|
|
|
|
| LEADER |
00638cam a2200205 a 4500 |
| 001 |
0000140735 |
| 005 |
20150204090000.0 |
| 040 |
|
|
|a mod
|
| 041 |
|
|
|a eng
|
| 020 |
0 |
0 |
|a 9789830974064
|
| 090 |
0 |
0 |
|a 297.56999
|b SYE
|e 2013
|
| 100 |
0 |
0 |
|a Syed Alwi Alatas
|y 1974-
|
| 245 |
1 |
0 |
|a Bersyukurlah kerana-Nya
|c Syed Alwi Alatas
|
| 260 |
0 |
0 |
|a Petaling Jaya
|b Galeri Ilmu
|c 2013
|
| 300 |
0 |
0 |
|a xvi, 329 p.
|b il.
|c 22 cm
|
| 650 |
0 |
0 |
|a Religious life
|x Islam
|
| 650 |
0 |
0 |
|a Patience
|x Religious aspects
|x Islam
|
| 852 |
0 |
0 |
|a 01
|
| 999 |
|
|
|a 0297438
|b 5 BGD
|d BOOKS
|e Umum
|f 5 BGD
|j AVAILABLE
|q GOOD CONDITION
|
| 999 |
|
|
|a 0298713
|b PULPAK
|d BOOKS
|e Umum
|f PULPAK
|j AVAILABLE
|q GOOD CONDITION
|